000 00715nam 22002053 4500
001 197335
090 _a197335
100 _a20250717d u||y0pory50 ba
200 _aSuinicultura
_fFernando Silva Teixeira, António Silva Pombas
205 _a
210 _aLisboa
_cLivraria Clássica Editora
_dimp. 1982
215 _a235 p.
_cil. ; brochado
_d23 cm
225 _aTécnica agrária
_h5
606 _aAgricultura. Ciências agrárias e técnicas relacionadas. Silvicultura. Explorações agrícolas. Exploração da vida selvagem
_91219
675 _a63
_vPT
_zpor
700 _913423
_a Teixeira
_bFernando Silva
701 _913424
_aPombas
_bAntónio Silva
801 _aPT
_bBMMN
_gRPC
830 _cVanda
990 _cLIVROS